00370nam a2200133Ia 4500082001200000100001600012245006000028260003600088300002100124650002000145650003200165650002100197710001800218 aTG.0233 aGupta, D.B. 0aExports in a developing economy : A case study of India c1973bM.S. University of Baroda a329p. + C D - 59 aEXPORTS - INDIA aINDIA - ECONOMIC CONDITIONS aINDIA - COMMERCE aKothari, V.N.